Agronomic study of two annual Helianthus species naturalized in Argentina as potential sunflower crop genetic resource /

Guardado en:
Autor Corporativo: Universitat de Lleida. (España). Departament de Producció Vegetal i Ciència Forestal.
Otros Autores: Cantamutto, Miguel A. (Disertante)
Formato: Libro
Idioma:English
Publicado: 2008.
Etiquetas: Agregar Etiqueta
Sin Etiquetas, Sea el primero en etiquetar este registro!
LEADER 00902nam a22001935a 4500
001 EEA.libagro008017
005 20161117123043.0
008 130809s2008####sp#a#####b####000#0#eng#d
020 |a 9788469181140 
082 0 4 |a 633.8523 
100 1 |a Cantamutto, Miguel A.  |4 dis 
245 1 0 |a Agronomic study of two annual Helianthus species naturalized in Argentina as potential sunflower crop genetic resource /  |c Miguel Angel Cantamutto. 
260 |c 2008. 
300 |a 250 p. :  |b ilus. ;  |c 30 cm. 
500 |a Programa de Doctorat. Sistemes Agrícoles, Forestals i Alimentaris. 
502 |a Tesis (doctoral)--Universitat de Lleida. Departament de Producció Vegetal i Ciència Forestal. 2008. 
504 |a Incluye referencias bibliográficas (235-245). 
710 2 |a Universitat de Lleida. (España).  |b Departament de Producció Vegetal i Ciència Forestal. 
859 |a AR-BbBCA  |b BIB. AGRONOMIA  |h 633.8523  |i C229  |p 2008/5406